000 00794nam a2200217Ii 4500
003 JO-AjNU
008 230605s9999||||xx |||||||||||||| ||und||
017 _a2000/8/2468
040 _aJO-AjNU
_bara
_erda
_cJO-AjNU
041 _aara
050 1 4 _aHF5415.S2562 2001
100 3 _aالصميدعي، محمود جاسم ، م.مشارك ردينة عثمان يوسف,
_eauthor
_957165
245 0 0 _aالاساليب الكمية في التسويق
250 _aط1
264 3 1 _aعمان: دال المناهج للنشر والتوزيع، 2001
300 _a334ص
_bيحتوي على ببلوغرافية من ص327-334ص
336 _atext
_btxt
_2rdacontent
337 _aunmediated
_bn
_2rdamedia
338 _avolume
_bnc
_2rdacarrier
650 4 _aادارة التسويق
_957166
999 _aA25600
_c29168
_d29168